000 00641nam a2200217Ia 4500
001 14868
003 GE_BSU
008 181216s||||||||xx |||||||||||||| ||und||
040 _cGE_BSU
080 _a515.143
100 _aБаладзе, Д.О.
245 _aИследования по теории гомологии
245 _bэкстраординарные теории
245 _cРед. В.Г. Болтянский
260 _aТвилиси.
260 _bГанатлеба.
260 _c1984
300 _a204 стр. 22см.
653 _aИследования по теории гомологии
942 _cBK
999 _c47990
_d47990